[Event "Wch Seniors 12th"]
[Site "Naumburg"]
[Date "2002.10.29"]
[Round "7"]
[White "Uhlmann, Wolfgang"]
[Black "Taimanov, Mark E"]
[Result "1/2-1/2"]
[WhiteElo "2440"]
[BlackElo "2406"]
[PlyCount "59"]
[EventDate "2002.10.21"]
[EventType "swiss"]
[EventRounds "11"]
[EventCountry "GER"]
[SourceTitle "EXT 2003"]
[Source "ChessBase"]
[SourceDate "2002.11.25"]
[SourceVersion "1"]
[SourceVersionDate "2002.11.25"]
[SourceQuality "1"]

1. c4 c5 2. Nf3 Nc6 3. Nc3 g6 4. e3 d6 5. d4 Bg4 6. Be2 cxd4 7. exd4 Bg7 8. d5 Bxf3 9. Bxf3 Ne5 10. Be2 Nf6 11. Be3 0-0 12. 0-0 Qa5 13. Rc1 Rfc8 14. b3 a6 15. a4 Ned7 16. Bd2 Qd8 17. Re1 Nc5 18. Qc2 a5 19. Bg4 Ne8 20. Rb1 f5 21. Bd1 Nc7 22. Bg5 Be5 23. f4 Bd4+ 24. Kh1 Bxc3 25. Qxc3 Ne4 26. Rxe4 fxe4 27. Bg4 Qf8 28. Bxc8 Rxc8 29. Qe3 h6 30. Bh4 1/2-1/2

[Event "Wch Seniors 12th"]
[Site "Naumburg"]
[Date "2002.10.28"]
[Round "6"]
[White "Taimanov, Mark E"]
[Black "Karasev, Vladimir I"]
[Result "1/2-1/2"]
[WhiteElo "2406"]
[BlackElo "2450"]
[PlyCount "96"]
[EventDate "2002.10.21"]
[EventType "swiss"]
[EventRounds "11"]
[EventCountry "GER"]
[SourceTitle "EXT 2003"]
[Source "ChessBase"]
[SourceDate "2002.11.25"]
[SourceVersion "1"]
[SourceVersionDate "2002.11.25"]
[SourceQuality "1"]

1. c4 Nf6 2. Nc3 c5 3. g3 g6 4. Bg2 Bg7 5. a3 Nc6 6. Rb1 a5 7. d3 0-0 8. e4 d6 9. Nge2 Ne8 10. 0-0 Nc7 11. Nd5 Nxd5 12. exd5 Nd4 13. Nxd4 cxd4 14. b4 axb4 15. axb4 Qb6 16. Re1 e5 17. dxe6 Bxe6 18. Qf3 Ra4 19. b5 Rb8 20. Bd2 Ra2 21. Bb4 Qc7 22. Re2 Ra4 23. Reb2 Qd7 24. h3 h5 25. Kh2 Be5 26. Qd1 Rba8 27. f4 Bf6 28. Qf3 Rb8 29. Re1 Kg7 30. Reb1 Ra7 31. Rb3 Rba8 32. R1b2 Rd8 33. b6 Ra6 34. Qxb7 Qxb7 35. Bxb7 Rxb6 36. Ba5 Rxb3 37. Rxb3 Re8 38. Bc6 Re7 39. Bf3 Ra7 40. Ra3 Bf5 41. g4 hxg4 42. hxg4 Bxd3 43. g5 Bd8 44. Rxd3 Rxa5 45. Rxd4 Bb6 46. Rd3 Bc5 47. Bd5 Ra2+ 48. Kg3 Ra3 1/2-1/2

[Event "Botvinnik Memorial-A"]
[Site "Elista"]
[Date "2002.08.23"]
[Round "6"]
[White "Taimanov, Mark E"]
[Black "Razuvaev, Yuri S"]
[Result "1/2-1/2"]
[WhiteElo "2425"]
[BlackElo "2540"]
[PlyCount "30"]
[EventDate "2002.08.17"]
[EventType "tourn"]
[EventRounds "9"]
[EventCountry "RUS"]
[EventCategory "8"]
[SourceTitle "CBM 089 Extra"]
[Source "ChessBase"]
[SourceDate "2002.09.10"]
[SourceVersion "2"]
[SourceVersionDate "2002.09.10"]
[SourceQuality "1"]

1. Nf3 Nf6 2. c4 e6 3. g3 d5 4. Bg2 dxc4 5. Qa4+ c6 6. Qxc4 b5 7. Qc2 Bb7 8. 0-0 Nbd7 9. b3 Be7 10. Bb2 0-0 11. d3 c5 12. a4 a6 13. axb5 axb5 14. Rxa8 Bxa8 15. Nbd2 Nd5 1/2-1/2

[Event "Botvinnik Memorial-A"]
[Site "Elista"]
[Date "2002.08.20"]
[Round "4"]
[White "Taimanov, Mark E"]
[Black "Zhukhovitsky, Samuel"]
[Result "1-0"]
[WhiteElo "2425"]
[BlackElo "2346"]
[PlyCount "65"]
[EventDate "2002.08.17"]
[EventType "tourn"]
[EventRounds "9"]
[EventCountry "RUS"]
[EventCategory "8"]
[SourceTitle "CBM 089 Extra"]
[Source "ChessBase"]
[SourceDate "2002.09.10"]
[SourceVersion "2"]
[SourceVersionDate "2002.09.10"]
[SourceQuality "1"]

1. c4 Nf6 2. Nc3 e5 3. g3 d6 4. Bg2 g6 5. e3 Bg7 6. Nge2 0-0 7. 0-0 Nbd7 8. d3 Ne8 9. Bd2 f5 10. f4 Nef6 11. b4 Re8 12. h3 a5 13. a3 axb4 14. axb4 Rxa1 15. Qxa1 e4 16. Qb1 Nb6 17. Rc1 c6 18. b5 d5 19. bxc6 bxc6 20. c5 Nbd7 21. d4 Ba6 22. Bf1 Qc7 23. Na2 Ra8 24. Nb4 Bb5 25. Qb2 h5 26. Ra1 Qb7 27. Nc2 Rxa1 28. Qxa1 Qa6 29. Qxa6 Bxa6 30. Nb4 Bb5 31. Nc1 Kf7 32. Bxb5 cxb5 33. Nca2 1-0

[Event "Botvinnik Memorial-A"]
[Site "Elista"]
[Date "2002.08.18"]
[Round "2"]
[White "Taimanov, Mark E"]
[Black "Gligoric, Svetozar"]
[Result "1-0"]
[WhiteElo "2425"]
[BlackElo "2459"]
[PlyCount "138"]
[EventDate "2002.08.17"]
[EventType "tourn"]
[EventRounds "9"]
[EventCountry "RUS"]
[EventCategory "8"]
[SourceTitle "CBM 089 Extra"]
[Source "ChessBase"]
[SourceDate "2002.09.10"]
[SourceVersion "2"]
[SourceVersionDate "2002.09.10"]
[SourceQuality "1"]

1. Nf3 Nf6 2. g3 g6 3. b3 Bg7 4. Bb2 0-0 5. Bg2 c5 6. c4 Nc6 7. 0-0 d6 8. d4 cxd4 9. Nxd4 Bd7 10. Nc3 Qa5 11. e3 Rfc8 12. Qd2 Rab8 13. Rfd1 Nxd4 14. Qxd4 Ng4 15. Qd2 Qh5 16. h3 Nf6 17. Ne2 Bc6 18. Nf4 Qh6 19. Rac1 Ne4 20. Qc2 Nf6 21. Qe2 Nd7 22. Nd5 Bxd5 23. Rxd5 Bxb2 24. Qxb2 Qg7 25. Qd2 b6 26. h4 Nf6 27. Rd4 Qf8 28. Bf3 Rc5 29. b4 Rc7 30. g4 Rbc8 31. g5 Nd7 32. Be2 Ne5 33. f4 Nc6 34. Rd5 Rd8 35. a3 Rcc8 36. Rd1 a5 37. Rb5 Rb8 38. Bf3 Na7 39. Rd5 axb4 40. axb4 Rdc8 41. Ra1 Rc7 42. b5 Nc8 43. Ra4 e6 44. Rd3 Rc5 45. Rda3 Qe7 46. Bc6 Qc7 47. Qb2 d5 48. cxd5 exd5 49. Ra8 Rxa8 50. Rxa8 Rxc6 51. bxc6 Qxc6 52. Qa1 d4 53. exd4 f6 54. Qa6 Qc1+ 55. Qf1 Qc6 56. Ra1 Nd6 57. Qg2 Qc4 58. Qa2 Kf7 59. Qxc4+ Nxc4 60. Ra7+ Ke6 61. Rxh7 fxg5 62. fxg5 Kf5 63. Kf2 Kg4 64. Rc7 b5 65. d5 Kf5 66. Rc6 Ne5 67. Rf6+ Ke4 68. Rb6 Nd3+ 69. Kg3 Kxd5 1-0